|
|
|
|
| LEADER |
00000naa2a2200000 4500 |
| 001 |
427184 |
| 005 |
20231101074627.0 |
| 035 |
|
|
|a (RuTPU)RU\TPU\prd\86308
|
| 035 |
|
|
|a RU\TPU\prd\17114
|
| 090 |
|
|
|a 427184
|
| 100 |
|
|
|a 20100903a2003 k y0rusy50 ca
|
| 101 |
0 |
|
|a rus
|
| 102 |
|
|
|a RU
|
| 200 |
1 |
|
|a Модификация метода измерения спиновой релаксации в ядерном квадрупольном резонансе
|f Т. Н. Рудаков, С. Н. Шевченко
|
| 225 |
1 |
|
|a Электроника и радиотехника
|
| 320 |
|
|
|a Библиогр.: 11 назв.
|
| 461 |
|
1 |
|0 (RuTPU)RU\TPU\prd\300
|x 0032-8162
|t Приборы и техника эксперимента
|f Российская академия наук
|d 1956-
|
| 463 |
|
1 |
|0 (RuTPU)RU\TPU\prd\86298
|t № 3
|v с. 97-99
|d 2003
|
| 610 |
1 |
|
|a методы измерения
|
| 610 |
1 |
|
|a спиновая релаксация
|
| 610 |
1 |
|
|a ядерный резонанс
|
| 610 |
1 |
|
|a квадрупольный резонанс
|
| 610 |
1 |
|
|a импульсные измерения
|
| 610 |
1 |
|
|a последовательность Хана
|
| 610 |
1 |
|
|a последовательность Карра-Парселла
|
| 675 |
|
|
|a 539.143.44
|v 3
|
| 700 |
|
1 |
|a Рудаков
|b Т. Н.
|
| 701 |
|
1 |
|a Шевченко
|b С. Н.
|
| 801 |
|
1 |
|a RU
|b 63413507
|c 20030909
|g PSBO
|
| 801 |
|
2 |
|a RU
|b 63413507
|c 20100906
|g RCR
|
| 942 |
|
|
|c BK
|